000 00509cam a2200145 4500500
005 20251012011118.0
041 _afre
042 _adc
100 1 0 _aDennehy, Myriam
_eauthor
245 0 0 _aJulian Assange : “Internet est devenu le système nerveux de nos sociétés”
260 _c2013.
500 _a13
786 0 _nPhilosophie magazine | 70 | 6 | 2013-06-01 | p. 15-18 | 1951-1787
856 4 1 _uhttps://shs.cairn.info/magazine-philosophie-magazine-2013-6-page-15?lang=fr&redirect-ssocas=7080
999 _c1521785
_d1521785